| 000 | 01399nam a2200373 4500 | ||
|---|---|---|---|
| 003 | EC-UNACH | ||
| 005 | 20250506111033.0 | ||
| 006 | s||||gr|||| 00| 00 | ||
| 008 | 150116t9999 mx r gr 000 0 spa d | ||
| 020 | _a978-9942-661-71-5 | ||
| 040 |
_aEC-UNACH _cEC-UNACH |
||
| 041 | _aspa | ||
| 082 | 0 | 4 |
_223 _a330 _bL017709 |
| 100 | _aNaranjo Navas, Cristian Paúl / Navas Labanda, Alegría Cumandá | ||
| 245 | _aPensamiento Ilustrado. Una Aproximación desde el siglo XXI | ||
| 250 | _aPrimera edición | ||
| 264 |
_aRiobamba - Ecuador _bEditorial UNACH _c2025 |
||
| 264 | _aProducción UNACH | ||
| 300 |
_a176 páginas _bFiguras, Tablas |
||
| 501 | _aIncluye índice | ||
| 505 | _aSección A. Avances en teoría política -- Sección B. Contexto Social y Económico -- Sección C. Pensamiento Económico -- Sección D. Conclusiones. | ||
| 650 | _aREVOLUCIÓN CIENTÍFICA | ||
| 650 | _aFILOSOFÍA POLÍTICA | ||
| 650 | _aCRECIMIENTO POBLACIONAL | ||
| 650 | _aREVOLUCIÓN AGRÍCOLA | ||
| 650 | _aEXPANSIÓN DE LA BANCA | ||
| 650 | _aMERCANTILISMO | ||
| 650 | _aREVOLUCIÓN AGRÍCOLA | ||
| 856 |
_uLibro Digital - Pensamiento Ilustrado. Una Aproximación desde el siglo XXI _yhttps://doi.org/10.37135/u.editorial.05.154 |
||
| 942 |
_2ddc _cEBOOK |
||
| 999 | _c13586 | ||